000 00632nam a2200217Ii 4500
001 16765
003 CO-ViMGA
008 241108s9999||||xx |||||||||||||| ||und||
020 _a9586073645
040 _aCO-ViMGA
_bspa
_erda
_cCO-ViMGA
041 0 _aspa
082 0 4 _a291.221 G15t
100 1 _aAdolfo Galean
_944234
245 1 0 _aTensiones y conflictos de la teologĂ­a en su historia
264 1 _aBogotá, Colombia : San Pablo, 2008
300 _avolumen
336 _atext
_btxt
_2rdacontent
337 _aunmediated
_bn
_2rdamedia
338 _avolume
_bnc
_2rdacarrier
940 _aidficha_siabuc: 16434. -- ficha_no_siabuc:16765
999 _c38688
_d38688